Fall 2010 Network TV Lineups Quiz Stats

 Plays Quiz not verified by Sporcle

Challenge
Share
Tweet
Embed
Score 0/71 Timer 07:00
0 Plays Today
Network Show % Correct
NBCThe Office
73.3%
CBSCSI
72.6%
NBC30 Rock
68.4%
ABCModern Family
67%
CBSBig Bang Theory
67%
NBCCommunity
64.9%
CBSHow I Met Your Mother
64.6%
CBSTwo and a Half Men
63.5%
CWGossip Girl
59.7%
CBSCSI: New York
58.3%
CBSNCIS
58%
NBCLaw and Order: SVU
54.5%
ABCDancing with the Stars
54.5%
ABCDancing with the Stars: Results
54.5%
FOXGlee
53.1%
FOXHouse
52.1%
ABCGrey's Anatomy
50.3%
CWVampire Diaries
50.3%
CBSNCIS: Los Angeles
45.5%
CW90210
45.5%
CWOne Tree Hill
44.8%
ABCThe Middle
41.3%
CWSmallville
41%
FOXBones
40.3%
CBSSurvivor
39.9%
ABCCougar Town
39.6%
CWSupernatural
37.2%
NBCChuck
36.8%
ABCPrivate Practice
36.5%
CBSRules of Engagement
35.8%
NBCBiggest Loser
33%
NBCOutsourced
33%
NBCLaw and Order: Los Angeles
31.6%
CBSCriminal Minds
31.3%
FOXFringe
29.9%
CWAmerica's Next Top Model
29.9%
Network Show % Correct
CBSThe Good Wife
29.5%
NBCThe Event
28.5%
CBSMike & Molly
28.5%
CBSHawaii Five-O
27.1%
NBCParenthood
26.7%
ABCCastle
25%
FOXHell's Kitchen
25%
CBSThe Mentalist
23.6%
ABC20/20
23.3%
FOXLie to Me
23.3%
CWNikita
23.3%
CWHellcats
21.9%
NBCChase
20.5%
NBCDateline NBC
20.5%
CBS$#*! My Dad Says
20.1%
CBSMedium
19.1%
FOXRaising Hope
19.1%
ABCNo Ordinary Family
18.8%
NBCUndercovers
18.4%
CBSBlue Bloods
18.1%
CWLife Unexpected
17%
NBCThe Apprentice
13.5%
FOXRunning Wilde
13.5%
FOXLone Star
11.8%
FOXHuman Target
11.5%
CBSThe Defenders
10.4%
NBCOutlaw
9.7%
ABCBetter with You
9.4%
ABCDetroit 1-8-7
9%
FOXGood Guys
9%
ABCMy Generation
7.3%
ABCBody of Proof
6.9%
ABCThe Whole Truth
5.9%
NBCWho Do You Think You Are?/School Pride
4.5%
ABCSecret Millionaire
1.4%

You're not logged in!

Compare scores with friends on all Sporcle quizzes.
OR
Log In

You Might Also Like...

Show Comments

Extras

Top Quizzes Today


Score Distribution

Your Account Isn't Verified!

In order to create a playlist on Sporcle, you need to verify the email address you used during registration. Go to your Sporcle Settings to finish the process.

Report this User

Report this user for behavior that violates our Community Guidelines.

Details: